| 000 | 00716nam a22002055i 4500 | ||
|---|---|---|---|
| 001 | 157655 | ||
| 003 | ES-MaACL | ||
| 005 | 20250816062550.0 | ||
| 008 | 960229s1861 fr |||| | fre d | ||
| 040 |
_aEUS _bspa _cEUS |
||
| 100 | 1 |
_aLévêque, Charles ( _d1818-1900) _9129189 |
|
| 245 | 1 | 3 |
_aLa science du beau _b: etudiée dans ses principes, dans ses applications et dans son histoire / _cpar Charles Lévèque. |
| 260 |
_aParis : _bAuguste Durand, Libraire, _c1861. |
||
| 300 |
_a2 v. (XXXVI, 412 p. ; [4], 570 p.) ; _c21 cm. |
||
| 597 | _aAntep. | ||
| 650 | 7 |
_aEstética _2embne _9142387 |
|
| 700 | 1 |
_aDurand, Auguste. _9222833 |
|
| 852 |
_aES-MaACL _jG-11730-31 _z-- Enc. hol. |
||
| 999 |
_c157655 _d157655 |
||